Normal view MARC view

Entry Topical Term

Number of records used in: 2

001 - CONTROL NUMBER

  • control field: 19700

003 - CONTROL NUMBER IDENTIFIER

  • control field:

005 - DATE AND TIME OF LATEST TRANSACTION

  • control field: 20221115093625.0

008 - FIXED-LENGTH DATA ELEMENTS

  • fixed length control field: 221115|| aca||aabn | a|a d

040 ## - CATALOGING SOURCE

  • Original cataloging agency:
  • Transcribing agency:

150 ## - HEADING--TOPICAL TERM

  • Topical term or geographic name entry element: Accountant
  • Form subdivision: Nigeria
  • General subdivision: Biography

670 ## - SOURCE DATA FOUND

  • Source citation: Work cat.: ()9999: ADEDEJI, Modupeola 19698, My story - His glory/, 2021

National Library of Nigeria OPAC is powered by Koha